| 000 | 00623nam a2200205 a 4500 | ||
|---|---|---|---|
| 001 | BRCA_771 | ||
| 005 | 20190320203138.0 | ||
| 008 | 041005s1995----mx-a---###---#000-0#spa-# | ||
| 020 | _a9684113609 | ||
| 050 | 4 |
_aN7745.M4 _b.F73 1995 |
|
| 100 | 1 |
_aFranco-Lao, Meri _92568 |
|
| 245 | 1 | 0 |
_aLas sirenas _bhistoria de un símbolo _cMeri Lao. |
| 260 |
_aMéxico _bEra : Librería Las sirenas _c1995 |
||
| 300 |
_a215 p. _bil. (algunas a color) _c26 cm. |
||
| 500 | _aTraducción de: Le sirene | ||
| 504 | _aBibliografía: p. 205-214 | ||
| 650 | 1 | 4 |
_aSirenas _xHistoria _92569 |
| 650 | 1 | 4 |
_aSirenas (Mitología) _92570 |
| 942 |
_2lcc _cB |
||
| 999 |
_c668 _d668 |
||